[Event "George Trundle Masters 2018"]
[Site "Auckland NZL"]
[Date "2018.07.07"]
[Round "1"]
[White "Hague, Ben"]
[Black "Sareen, Vishal"]
[Result "1-0"]
[WhiteElo "2356"]
[BlackElo "2346"]
[PlyCount "81"]
[EventDate "2018.??.??"]

1. e4 c5 2. Nf3 d6 3. Nc3 e5 {Vishal had broken his laptop the day he arrived,
so his score was very impressive with no computer aid. He reverts to sidelines
and uses his years of experience to get him through.} 4. Bc4 Be7 5. d3 Nf6 6.
O-O O-O 7. Ng5 {
Hague borrows a this line from Daniel - he gets a chance to see how it feels.}
h6 8. f4 {This is just how Daniel plays it, note the Knight can't be taken...}
exf4 (8... hxg5 9. fxg5 Bg4 10. Qe1 Ne8 11. Rxf7 Rxf7 12. g6 Kf8 13. Qg3 Rf6
14. Qxg4 Nc7 15. Bg5 Ke8 16. Bxf6 Bxf6 17. Rf1 Nc6 {No win, but heaps of
compensation for the piece - not easy for Black to unwind.)}) 9. Nf3 Be6 (9...
g5 10. h4 Nh7 11. Nd5 Nc6 12. b3 Bg4 13. hxg5 hxg5 14. Qd2 Bxf3 15. Rxf3 Bf6
16. c3 Ne5 17. Rh3 {
Sample computer line, but White looks to have enough for the pawn.}) 10. Nd5 (
10. Bxf4 Nc6 11. Nd5 a6 12. Bb3 b5 13. c3 Re8 {About equal...}) 10... Bxd5 11.
exd5 Nbd7 12. Bb3 Nh5 13. d4 Bf6 14. c3 g6 15. Kh1 Rc8 16. dxc5 Nxc5 17. Bc2
Re8 18. Nd4 {Diagram #} Be5 $2 (18... Bxd4 19. Qxd4 Re2 20. Bd1 Qh4 21. Kg1 (
21. Bxe2 $4 Ng3+ 22. Kg1 Nxe2+ 23. Kh1 Nxd4) 21... Rce8 22. Bxe2 Rxe2 23. Bxf4
Re4 24. g3 Rxd4 25. gxh4 Rxf4 26. Rxf4 Nxf4 {And Black should win.}) 19. Qf3
Qf6 $2 (19... Qh4 20. Kg1 Nf6 21. Bd2 Qh5 22. Qxh5 Nxh5 {Black is just a cold
pawn up and now Queens are gone can go about winning the game.}) 20. Nf5 Kh7
21. Nxd6 Bxd6 22. Qxh5 Ne4 23. Qf3 Ng5 24. Qg4 Kg7 25. Bxf4 Rc4 26. g3 Bxf4 27.
gxf4 Qd6 28. Rad1 Ne4 29. Qg2 Nf6 30. Qf3 Nh5 31. f5 Rh4 32. Rf2 g5 33. f6+
Nxf6 34. Qd3 Ne4 (34... Re5 35. c4 Ree4 36. b3 Ng4 37. Qc3+ f6 38. Qd2 Rd4 39.
Qe2 Nxf2+ 40. Qxf2 Qf4) 35. Rg2 Rf4 36. Qd4+ Nf6 37. Qxa7 Ng4 38. Bb3 Ne3 (
38... b6 $1 39. Rxg4 Rxg4 40. Rf1 Qf6 41. Rxf6 Re1+ 42. Rf1 Rxf1#) 39. Re1 Nxg2
40. Rxe8 Rh4 (40... Qf6 41. Bc4 Rxc4 42. Qg1 Nh4 {and wins}) 41. Qb8 {
A sad loss for Vishal, Ben needed all of lady luck to turn this one around.}
1-0

[Event "George Trundle Masters 2018"]
[Site "Auckland NZL"]
[Date "2018.07.08"]
[Round "2"]
[White "Wallis, Christopher"]
[Black "Wohl, Aleksandar H"]
[Result "1-0"]
[WhiteElo "2320"]
[BlackElo "2335"]
[PlyCount "59"]
[EventDate "2018.??.??"]

1. e4 e5 2. Nf3 d6 3. d4 Nf6 4. dxe5 Nxe4 {Alex specialised in these off beat
lines in this event, I think he was having too much fun with his friend Vishal
being here to really prepare.} 5. Qd5 Nc5 6. Bg5 Qd7 7. exd6 Bxd6 8. Nc3 {
This opening just looks better for White, very classical placing of the bits
and the Q on d7 looks weird and will need to move again to unravel. Don't
think I'll be recommending this line any time soon...} O-O 9. O-O-O {Diagram #}
Qg4 (9... Nc6 10. Be3 Ne7 11. Qd2 b6 12. Bxc5 bxc5 13. Nb5 Ng6 14. Nxd6 cxd6
15. Qxd6 {Shows how easy this position is for White, black needs to perform
some magic to get back into this game...}) 10. h3 Qb4 11. Nd4 (11. a3 Qa5 12.
Nb5 Be6 13. Qd2 Qxd2+ 14. Nxd2 Nc6 15. Nxd6 cxd6 16. b4 Na4 17. Ne4 d5 18. Nd6
{This was easier, the 2 Bishops and the weak d pawn give white an easy press
with no chance of losing...}) 11... Nc6 12. Be3 Ne7 13. Qh5 Na4 14. Nxa4 Qxa4
15. Kb1 a6 (15... c6 16. Nb3 Nf5 17. Bg5 h6 18. Bd2 Be6 {
Black has unravelled and is finally not too bad.}) 16. Bd3 {Diagram #} f5 $2 {
Position was tough, but Black can't hold it together after this.} (16... g6 17.
Qf3 Be5 18. Rhe1 Re8 19. c3 c6 20. g4 Qa5 21. Nb3 Qc7 22. Bc4 Be6 23. Bxe6 fxe6
{White is still better and has an easy attack...)}) 17. g4 g6 18. Qh6 f4 19. b3
Qa5 20. Bc4+ Nd5 {Diagram #} 21. Nf5 $1 Bxf5 22. Bxd5+ (22. Rxd5 Qc3 23. gxf5
Rf7 24. Rxd6 cxd6 25. fxg6 {Black resigns...you'd hope.}) 22... Qxd5 23. Rxd5
Be4 24. Bd4 Rf7 25. Rg5 Bf8 26. Qh4 c5 27. Re1 Bxc2+ 28. Kxc2 cxd4 29. Rd5 Rc8+
30. Kb1 {Let's shelve that opening as not offering enough...} 1-0

[Event "George Trundle Masters 2018"]
[Site "Auckland NZL"]
[Date "2018.07.09"]
[Round "3"]
[White "Kulashko, Alexei"]
[Black "Hague, Ben"]
[Result "0-1"]
[WhiteElo "2336"]
[BlackElo "2356"]
[PlyCount "52"]
[EventDate "2018.??.??"]

1. d4 Nf6 2. Bg5 d5 3. Bxf6 gxf6 {
This is all part of the new Alexei, worked well for him up to this loss...} 4.
c4 (4. e3 c5 5. dxc5 e6 6. c4 dxc4 7. Qxd8+ Kxd8 8. Bxc4 Bxc5 9. Nc3 Ke7 {
Still seems to be slightly better for Black with the 2 Bishops.}) 4... dxc4 5.
e3 c5 {Ben will always play the most active lines ...} 6. Bxc4 cxd4 7. exd4 Bg7
(7... Rg8 8. Qh5 e6 9. d5 Rg5 10. Qxh7 exd5 11. Bb5+ Nc6 {
This is a different game, but the open position tends to favour the Bishops.})
8. Nc3 O-O 9. Nge2 Nc6 10. O-O Bg4 (10... f5 11. d5 Ne5 12. Bb3 Qd6 13. Nd4 Ng4
14. Nf3 {This is a better variant than the game for White as the black Bishop
is stuck behind the pawns.}) 11. d5 Ne5 12. Bb3 Rc8 13. f3 Bd7 14. Ng3 b5 15.
Bc2 (15. Kh1 b4 16. Nce2 Nc4 17. Bxc4 Rxc4 18. Nd4 Re8 19. Qd2 {Position is
about even, Knights have good central squares to combat the 2 Bishops.}) 15...
b4 16. Nce2 e6 17. Nh5 Bb5 18. f4 Qb6+ {Diagram #} 19. Nd4 $2 {
White has lost the thread, and this is a bad move that just loses.} (19. Kh1
Ng4 20. Rf3 Nf2+ 21. Rxf2 Qxf2 22. Nd4 f5 23. Nxg7 Rc4 24. Ngxf5 exf5 25. Nxf5
Rxf4 {Still probably losing long term, but the d pawn gives hope.}) 19... Rc4
20. Nxg7 Rxd4 21. Qh5 Ng6 22. Qh6 Bxf1 23. Kh1 Bxg2+ 24. Kxg2 Rd2+ 25. Kh1 Qd4
26. Re1 Rxc2 {
Think the early c4 needs work for Alexei, maybe the e3 version is the line?}
0-1

[Event "George Trundle Masters 2018"]
[Site "Auckland NZL"]
[Date "2018.07.09"]
[Round "3"]
[White "Lane, Gary W"]
[Black "Sareen, Vishal"]
[Result "0-1"]
[WhiteElo "2385"]
[BlackElo "2346"]
[PlyCount "62"]
[EventDate "2018.??.??"]

1. e4 c5 2. Nf3 e6 3. d4 cxd4 4. Nxd4 Nc6 5. Nc3 Qc7 6. f4 a6 7. Nxc6 Qxc6 8.
Bd3 b5 9. Qe2 Bb7 10. Bd2 Be7 11. a3 Nf6 12. O-O $5 (12. e5 Nd5 13. Be4 b4 14.
axb4 Bxb4 15. Nxd5 Bxd2+ 16. Qxd2 exd5 17. Bf3 Qb6 18. O-O-O O-O 19. Bxd5 Bxd5
20. Qxd5 Rab8 21. b3 Rfc8 {For a pawn, Black has everything he wants, if you
don't enjoy this type of position, don't play the Sicilian.}) 12... d5 13. exd5
Nxd5 14. Ne4 (14. f5 {
This was Lane vs Aagaard which Gary won - maybe he'd forgotten his own line...}
O-O 15. fxe6 fxe6 16. Ne4 Nf6 17. Ng5 e5 18. c4 e4 19. Bb1 h6 20. Ba2 Qb6+ $4
21. c5+) 14... O-O 15. Kh1 g6 16. Rac1 Rac8 17. c4 bxc4 18. Bxc4 Qb6 19. b4
Rfd8 20. Ng5 Bf6 21. Nf3 Bb2 22. Bxd5 exd5 (22... Bxd5 23. Be3 Bxf3 24. Qxf3
Qb8 25. Rxc8 Qxc8 26. Bb6 Rd5 {About equal}) 23. Rb1 Bg7 24. f5 Re8 25. Qd3 Qb5
26. Qb3 Re2 27. Bg5 gxf5 28. Nh4 Rc3 29. Qd1 d4 30. Rxf5 $2 {Diagram #} Qxf5
31. Nxf5 Rxg2 0-1

[Event "George Trundle Masters 2018"]
[Site "Auckland NZL"]
[Date "2018.07.09"]
[Round "3"]
[White "Wohl, Aleksandar H"]
[Black "Gong, Daniel Hanwen"]
[Result "0-1"]
[WhiteElo "2335"]
[BlackElo "2319"]
[PlyCount "96"]
[EventDate "2018.??.??"]

1. b3 {A la Nakamura maybe ... think this is best reserved for rapid. If you
pick up the b pawn, it should go to b4 :-)} e5 2. Bb2 Nc6 3. e3 Nf6 4. g3 {
OK, so Alex is transposing to a Hippo as White - again think it was more
because he was enjoying the sightseeing than anything else...} d5 5. Bg2 Bg4 6.
Ne2 Qd7 7. h3 Be6 8. d3 O-O-O 9. Nd2 d4 10. e4 Ne8 11. a3 g6 12. b4 {
Could have gone here on move 1 :-)} h5 13. f4 f6 14. Nf3 Bh6 15. b5 Ne7 16. a4
Bg7 17. Ba3 Nd6 18. Qb1 Kb8 19. a5 Nec8 20. b6 cxb6 21. fxe5 fxe5 22. axb6 a6
23. Ng5 Rhf8 24. Bc5 Qe7 25. Nf3 g5 26. Ra5 g4 27. hxg4 Bxg4 {
Diagram #White has lost the thread, Black is taking over.} 28. Neg1 Rf7 29. Ba3
Rdf8 30. Ke2 Qg5 31. Qc1 Bxf3+ {
Possibly cashing in too early, White is all tied up...no need to rush.} (31...
Qg6 32. Qe1 Nxb6 33. Rh4 Rc8 34. Rc5 Rxc5 35. Bxc5 Na4 36. Bb4 Nc3+ 37. Bxc3
dxc3 38. Qxc3 Nb5 {
Not all forced, but an example showing White is at Black's mercy.}) 32. Nxf3
Qxg3 33. Qf1 Qg6 34. Rh4 Bf6 35. Rh3 Rg8 36. Bh1 Nb5 37. Rxb5 axb5 {
Still, a cold Exchange and a pawn up, White is doomed.} 38. Qb1 Qg4 39. Rh2 Be7
40. Bxe7 Nxe7 41. Qa2 Qf4 42. Qa7+ Kc8 43. Qa8+ Kd7 44. Qxb7+ Ke6 45. Rf2 Qe3+
46. Kf1 Qc1+ 47. Ke2 Qxc2+ 48. Kf1 Qd1+ 0-1

[Event "George Trundle Masters 2018"]
[Site "Auckland NZL"]
[Date "2018.07.10"]
[Round "4"]
[White "Sareen, Vishal"]
[Black "Garbett, Paul Anthony"]
[Result "1-0"]
[WhiteElo "2346"]
[BlackElo "2197"]
[PlyCount "67"]
[EventDate "2018.??.??"]

1. e4 c5 2. Nc3 e6 3. Nf3 Nc6 4. d4 cxd4 5. Nxd4 Qc7 6. f4 a6 7. Nb3 {
Not the favourite move at the top level - by 3:1 it is taking the Knight} (7.
Nxc6 Qxc6 8. Bd3 b5 9. Qe2 Bb7 10. Bd2 Bc5 11. O-O-O Ne7 12. a3 O-O 13. h4 f5
14. h5 d5 15. exf5 exf5 16. h6 g6 {
I think White has something to work with here}) 7... d6 (7... b5 8. Bd3 Bb7 9.
Be3 d6 10. Qf3 Nf6 11. Qh3 Na5 {
This is the way to play these days, pretty equal}) 8. Bd3 Nf6 9. Qf3 Be7 10.
Be3 O-O 11. g4 d5 12. e5 Nd7 13. O-O-O Nb4 14. Kb1 b5 15. Qf2 f6 16. exf6 Bxf6
17. Ne2 Bb7 18. Rhg1 {Diagram #} e5 $2 {This must be wrong, the position looks
more like a French and you need to prepare it first - improve the worst piece
and then strike in the middle...} (18... Rae8 19. Bd2 Nxd3 20. cxd3 e5 21. f5
Bd8 22. Ba5 Qd6 23. Bxd8 Rxd8) 19. Bf5 {
Now the key White squared Bishop gets to live and will win the game} g6 20.
Be6+ Kh8 21. c3 d4 22. cxb4 dxe3 23. Qxe3 Nb6 24. Nc5 exf4 25. Nxf4 {Diagram #T
he position has changed completely, White is a pawn up and dominating the
board...} Bc6 $2 {
This just loses, again the Rook needs to be brought to the middle} (25... Rae8
{White is still better, but in the game Black is just lost.}) 26. g5 Be5 (26...
Bxb2 27. Rd7 Bxd7 28. Nxg6+ Kg7 29. Qh3) 27. Nxg6+ hxg6 28. Rd7 $1 Rf3 29. Qe1
Bg3 30. hxg3 Nxd7 31. Rh1+ Kg7 32. Rh7+ Kf8 33. Bxd7 Kg8 34. Be6+ {
A nice win by Sareen.} 1-0

[Event "George Trundle Masters 2018"]
[Site "Auckland NZL"]
[Date "2018.07.10"]
[Round "4"]
[White "Gong, Daniel Hanwen"]
[Black "Ang, Alphaeus Wei Ern"]
[Result "0-1"]
[WhiteElo "2319"]
[BlackElo "2204"]
[PlyCount "52"]
[EventDate "2018.??.??"]

1. e4 g6 {A new opening for Alphaeus, it should be a lot more testing than his
Qd6 Scandinavian stuff.} 2. d4 Bg7 3. Nc3 d6 4. f4 Nf6 5. Nf3 O-O 6. e5 dxe5 7.
fxe5 Nd5 8. Bc4 Nxc3 9. bxc3 c5 10. O-O Bg4 11. h3 Bxf3 12. Qxf3 Nc6 {
Diagram #A long line of theory, all the most popular stuff at GM level, they
start to get on their own soon...} 13. Bxf7+ Kh8 14. e6 (14. Bb2 cxd4 15. cxd4
Nxe5 16. dxe5 Qb6+ 17. Kh1 Qxb2 18. Rab1 Qxe5 19. Rxb7 {
This is the other obvious type of line - all very balanced.}) 14... cxd4 15.
Rb1 dxc3 16. Rxb7 Qc8 17. Rd7 {White is committed to this Exchange sacrifice,
it holds the balance, but it's easier to play as Black and White needs to be
wary of the weak black squares, Daniel forgets and gets punished.} Ne5 18. Qd5
Nxd7 19. exd7 Qc7 {Diagram #} 20. Ba3 $2 {White does not see the risk and
moves the Bishop away from the key diagonal by his King. It's amazing to think
he resigns in 6 moves...} (20. Re1 Rad8 21. Rxe7 Bf6 22. Be3 Rb8 23. Re8 Kg7
24. Rxf8 Rb1+ 25. Kf2 Bh4+ 26. Kf3 Qg3+ 27. Ke4 Qxg2+ 28. Kd4 Rd1+ 29. Kc5
Qxd5+ 30. Bxd5 Kxf8) 20... Rad8 21. Rd1 Qf4 22. Be6 Be5 23. g3 Qxg3+ 24. Qg2
Qe3+ 25. Kh1 Rf2 26. Bc1 Qb6 0-1

[Event "George Trundle Masters 2018"]
[Site "Auckland NZL"]
[Date "2018.07.10"]
[Round "4"]
[White "Lane, Gary W"]
[Black "Kulashko, Alexei"]
[Result "1-0"]
[WhiteElo "2385"]
[BlackElo "2336"]
[PlyCount "121"]
[EventDate "2018.??.??"]

1. e4 Nf6 2. e5 Nd5 3. d4 d6 4. Nf3 dxe5 5. Nxe5 c6 6. Bc4 Nd7 7. O-O Nxe5 8.
dxe5 Be6 {This is not the popular move, it seems to be more obvious to shove
the Bishop to the outside of the pawn chain, play e6 and develop the dark
squared Bishop to e7} (8... Bf5 9. Nd2 e6 10. Bb3 Be7 {Black has easy equality}
) 9. Nd2 Qc7 (9... g6 {Surely this had to be the follow-up to the Be6 idea...}
10. Nf3 Nc7 11. Bxe6 Nxe6 12. Be3 Qc7 13. c3 Bg7 {
Black is in a better space than in the game.}) 10. Re1 Bf5 11. Nf3 e6 12. Nd4
Bg6 13. Qg4 Bc5 14. c3 O-O-O 15. Bg5 Rd7 16. Rad1 Qb6 17. Bb3 {Diagram #The
position is equal, but White's game looks easier to play, he has more space
and can slowly work up a Queenside attack.} Re8 18. Rd2 Qc7 19. Bh4 Kb8 20.
Red1 Ka8 21. c4 Nb6 22. Nf3 Be7 $2 (22... Rxd2 23. Rxd2 Nd7 24. Bg3 h5 25. Qg5
Bb4 26. Rd1 Nc5 {
Black is much more comfortable here and there is everything to play for}) 23.
Rxd7 Nxd7 24. Bxe7 Rxe7 25. Qd4 Nb8 26. Qd8 Bh5 27. Qf8 Rd7 28. Rd6 {
White is better now, all Black's pieces look pretty miserable.} f6 29. Rxd7
Qxd7 30. exf6 Qd3 31. h3 gxf6 32. Qxf6 Bxf3 33. Qxf3 Qb1+ 34. Kh2 Qxb2 35. g3
c5 36. Kg2 Qe5 $2 {A tough position to play, but now the re routing of the
White squared Bishop will be too much for Black to defend.} (36... a5 37. h4
Qb1 38. Qe3 Nc6 39. Qxc5 Qe4+ {Black is still worse, but at least the
immediate danger has passed and the White Bishop is passive.}) 37. Bc2 a5 38.
Bxh7 Nd7 39. Be4 Qc7 40. h4 {Diagram #White is just gathering the point now,
Black can squirm, but it is over.} Ne5 41. Qf4 Qg7 42. h5 Ng4 43. Qd6 Qb2 44.
Qxc5 a4 45. Bf3 Ne5 46. h6 a3 47. h7 Ng6 48. Be4 Nh8 49. Kh3 Kb8 50. f4 Qe2 51.
Qd6+ Ka7 52. Qxa3+ Kb8 53. Qd6+ Ka7 54. Qc5+ Kb8 55. Qe5+ Ka7 56. Bg2 Qd1 57.
Qb5 b6 58. a4 e5 59. Qe8 b5 60. Qa8+ Kb6 61. Qc6+ 1-0

[Event "George Trundle Masters 2018"]
[Site "Auckland NZL"]
[Date "2018.07.11"]
[Round "5"]
[White "Wohl, Aleksandar H"]
[Black "Lane, Gary W"]
[Result "1-0"]
[WhiteElo "2335"]
[BlackElo "2385"]
[PlyCount "73"]
[EventDate "2018.??.??"]

1. c4 e5 2. g3 c6 3. Bg2 d5 4. cxd5 cxd5 5. d4 e4 6. Nh3 Bb4+ 7. Bd2 Bxd2+ 8.
Qxd2 {We have transposed to a reversed c3 Sicilian, it pays to know your
openings. Alex does well to convert this game.} Ne7 9. Nf4 O-O 10. Nc3 Nbc6 11.
Rc1 Re8 12. h4 Bg4 13. f3 exf3 14. exf3 {Diagram #} Bd7 $5 (14... Be6 15. Nxe6
Nf5 16. O-O Rxe6 {It was probably the intermediate Nf5 that Gary missed. He
was really off his game in this event}) 15. Kf2 Nf5 16. Ncxd5 Nfxd4 17. Rhe1
Be6 18. Rc4 Bxd5 19. Rxe8+ Qxe8 20. Nxd5 Ne6 21. f4 {
White is slightly better now, and difficult for Black to sit and do nothing.}
Rd8 22. Qe3 {Diagram #} Nf8 {
The endgames are not good, Black should have resisted this.} (22... Qd7 23. Qc3
f5 24. Ne3 Ne7 25. Qe5 Qd2+ 26. Kg1 Qe1+ 27. Kh2 Kf7 {
Black has much better prospects of holding}) 23. Qxe8 Rxe8 24. Nc7 Rd8 25. Bxc6
bxc6 26. Ke3 {The c pawn will fall and White should win - Alex shows good
skill and adds to Gary's miserable event.} Rb8 27. b4 Rc8 28. Rxc6 Ne6 29. Nd5
Rd8 30. Ke4 g6 31. Rc8 Kf8 32. Rxd8+ Nxd8 33. Ke5 Nb7 34. a4 h5 35. a5 Ke8 36.
a6 Nd8 37. Kd6 1-0

[Event "George Trundle Masters 2018"]
[Site "Auckland NZL"]
[Date "2018.07.12"]
[Round "6"]
[White "Lane, Gary W"]
[Black "Ang, Alphaeus Wei Ern"]
[Result "1-0"]
[WhiteElo "2385"]
[BlackElo "2204"]
[PlyCount "59"]
[EventDate "2018.??.??"]

1. e4 d6 2. d4 Nf6 3. Nc3 g6 4. Be3 Bg7 5. Qd2 a6 (5... c6 6. Bh6 Bxh6 7. Qxh6
e5 8. O-O-O Qe7 9. h3 b5 10. dxe5 dxe5 {
This is preferred to the a6 plans at the high level.}) 6. Bh6 O-O 7. O-O-O (7.
Bxg7 Kxg7 8. h4 h5 9. f3 b5) 7... b5 8. f3 Nbd7 9. h4 c5 (9... e5 10. d5 b4 11.
Nce2 a5 {This is the way, in boots and all in the King hunt race}) 10. dxc5
Nxc5 11. h5 (11. Bxg7 Kxg7 12. h5 Nxh5 (12... Qa5 13. Nge2 Bb7 14. hxg6 fxg6
15. Qh6+ Kf7 16. Nf4 Ncd7 17. Kb1 Rfc8 18. Nh3 Kg8 19. Ng5 Nf8) 13. g4 b4 14.
Nd5 Nxe4 15. fxe4 Bxg4 16. Be2) 11... Qa5 12. Kb1 b4 13. Nd5 Nxd5 14. Bxg7 Nc3+
15. bxc3 Be6 16. c4 Kxg7 17. hxg6 fxg6 18. Qh6+ Kf7 19. Qxh7+ Ke8 20. Qxg6+ Kd7
21. Qg5 Rg8 22. Qe3 {Diagram #Although 2 pawns up, the key point is White's
King is exposed and very lonely. Black is winning} ({or} 22. Qe5 Kc6 23. Qf4
Na4 24. Re1 Nc3+ 25. Kc1 Nxa2+ 26. Kd1 Nc3+ 27. Kd2 b3 28. Ke3 bxc2) 22... Na4
23. Re1 Nc3+ 24. Kc1 Qxa2 {Wrong way, Black tries to cash in, see a check and
play it is often the right way.} (24... Nxa2+ 25. Kd1 b3 26. cxb3 Nc3+ 27. Kc2
Qa2+ 28. Kxc3 Rgb8 29. b4 Rxb4 30. Kxb4 Rb8+ 31. Kc3 Qb2+ 32. Kd3 Rb3#) 25. g4
Rac8 26. e5 d5 $2 {Black has lost the thread and all his advantage, he
continues downhill from here and loses.} (26... Bxc4 27. Bxc4 Rxc4 28. exd6 Nd5
29. Qe6+ Kc6 30. dxe7+ Kc5 31. Rh2 b3 {Black crashes through, Black's King is
perfectly safe while White is getting mated.)}) 27. Rh7 Rge8 28. Qb6 Qa3+ 29.
Kd2 {Diagram #} Na4 $4 {
A terrible blunder, he had forgotten the point of the Rook on h7.} (29... Rc6
30. Qd4 Kc8 31. c5 Qa5 {White is better, but Black is still alive}) 30. Qd6#
1-0

[Event "George Trundle Masters 2018"]
[Site "Auckland NZL"]
[Date "2018.07.13"]
[Round "7"]
[White "Polishchuk, Kirill"]
[Black "Lane, Gary W"]
[Result "1-0"]
[WhiteElo "2128"]
[BlackElo "2385"]
[PlyCount "71"]
[EventDate "2018.??.??"]

1. e4 e5 2. d4 exd4 3. Qxd4 Nc6 4. Qe3 Nf6 5. e5 Ng4 6. Qe4 d5 7. exd6+ Be6 8.
Ba6 Qxd6 9. Bxb7 Qb4+ 10. Qxb4 Nxb4 11. Bxa8 Nxc2+ 12. Ke2 Nxa1 13. h3 Bc4+ 14.
Kf3 Ne5+ 15. Kg3 Bd6 16. f4 Nd3 17. Bc6+ Kd8 18. Nf3 Bxa2 19. Nc3 Bc4 20. Bb5
Bxb5 21. Nxb5 Nb3 22. Nxd6 cxd6 23. Be3 Kc7 24. Bxa7 Ra8 25. Bd4 Nxd4 26. Nxd4
Nxb2 27. Rc1+ Kd7 28. Nb5 Rb8 29. Nd4 Na4 (29... Rb4 30. Ne2 d5 {
This is easy, the pawn starts to roll...}) 30. Re1 Nc5 31. Nf5 Ne6 (31... g6
32. Nd4 d5 {Again, the pawn starts to roll - no problems.}) 32. Rd1 Rb6 33. Ra1
Rb3+ 34. Kh2 {Diagram #} Nxf4 $2 (34... g6 35. Ra7+ Nc7 36. Nh6 f5 37. g4 Rf3
38. gxf5 gxf5 39. Nxf5 Rxf4 40. Ne3 Rf7 41. Kg3 Ke6 {Again, easy, time control
reached, force the Knight to sac on the d pawn, win the h Pawn and finally the
game. White could struggle but would lose. Gary makes a horrible mess of this
and actually loses...}) 35. Ra7+ Ke6 $4 36. Nd4+ {What a horrible way to lose,
Gary lost a few hours of sleep, losing to one of Kirill's nonsense openings
after he was completely winning} 1-0